03465nam a22003257a 4500999001700000003000900017005001700026008004100043040002800084041000800112092001800120100005000138245028300188260005400471300005100525502011300576504005200689505030800741520150801049650004402557700005302601700005402654700005502708700005702763700005002820830008602870856005502956942001103011952011703022 c21762d21762DO-CoUTE20260204212647.0220630b dr ||||| |||| 00| 0 spa d aDO-CoUTEbspacDO-CoUTE aspa aING 2020 S15 1 aSánchez Reynoso, Lisset Nicolesustentantes1 aModelación de la cuenca hidrografica del rio cevicos para una gestion integral / cLisset Nicol Sánchez Reynoso, Laura María Rodríguez Peña, Sisley Orquídea Guzmán Francisco ; asesor Yenny Altagracia Rodríguez Encarnación, Sumara del Carmen Borromé de Real aCotuí, República Dominicana : bUTECO, c2020 axx, 73 hojas : bFotos ; c29cm. e+ 1 CD-ROM  aTrabajo de grado (Licenciatura en Ingeniería Civil)--Universidad Tecnológica del Cibao Oriental, 2020.  aIncluye referencia bibliográfica e índice  aÍndice -- declaración de autoría -- agradecimientos -- dedicatorias--resumen -- Capítulo I: Introducción -- Capítulo II: Revisión de literatura -- Capítulo III: Metodología -- Capítulo IV: Presentación de los resultados -- Capítulo V: Discusión y análisis de los resultados  aEl agua es esencial para la vida humana por lo que a nivel mundial existe una mayor preocupación ante la limitación de las reservas existentes y el agotamiento progresivo de los recursos naturales, muchas veces mal gestionado frente a la creciente demanda de la humanidad. Esta investigación fue realizada en la cuenca del Río Cevicos, el objetivo de este proyecto es, modelar la cuenca del río Cevicos para conocer el impacto de las actividades antrópicas en la calidad de las aguas superficiales y subterráneas y proponer una alternativa para la gestión integral. Los métodos utilizados en esta investigación fueron descriptivos y explicativos. Se realizaron modelaciones en las cuales se reproduce el objeto de estudio mediante una representación de la realidad, así como también los riesgos geológicos de la misma. Se identificó que la mayor fuente de contaminación en la cuenca del río Cevicos es el cementerio municipal, ubicado aguas arriba del Río Cevicos. El río Cevicos es necesario para apoyar el habitad de plantas y animales, y proporciona agua potable para las personas y la vida silvestre. La protección de los recursos naturales en la cuenca hidrográfica es esencial para mantener la salud y el bienestar de la comunidad, tanto ahora como en el futuro. Se propuso la construcción de un nuevo cementerio en el municipio de Cevicos cumpliendo con todo lo establecido en las normativas concernientes para la construcción de campos santos.  aModelación de la cuenca hidrografica 1 aRodríguez Peña, Laura Maríaesustentante 1 aGuzmán Francisco, Sisley Orquideaesustentante 1 a Frías Hernández, Freddy German dsustentante 1 aRodríguez Encarnación, Yenny Altagraciadasesor 1 aBorromé de Real, Sumara del Carmendasesor  aTesis y disertaciones académicas (Universidad Tecnológica del Cibao Oriental) yHaga Click Aquí para Descargar en Texto Completo 2LCcTH 00102LC40738eTaBUbBUd2022-06-30i21762l0oING 2020 S15p21762r2022-06-30 00:00:00tEj.1w2022-06-30yTH